Statistics for Historical General Knowledge

Click here to take the quiz!

General Stats

  • This quiz has been taken 112 times
  • The average score is 5 of 16

Answer Stats

HintAnswer% Correct
Which state was bought by the U.S.A from France in 1803?Louisiana
84%
Name the maniacal Iraqi dictator in the 20th century?Saddam Hussein
75%
Founder of the Mongol Empire.Genghis Khan
65%
Which diabolically ambitious military leader of France had a dream of conquering the world?Napoleon Bonaparte
63%
The head of the Colombian Medellin Cartel, now venerated by some people.Pablo Escobar
57%
The treaty that literally obliterated the economy of Germany in 1920.Treaty of Versailles
45%
Full-form of the paramilitary organization who fought for independence in Ireland.Irish Republican army
31%
Which dissolved organization was the counterpart of the C.I.A?KGB
31%
Name any one of the two 'countries', formerly U.S.A, who fought in the American Civil War.Confederates or Union
22%
Who were the personal guards of the French nobility in the 15th century?Musketeers
14%
Name the barbaric king who wrought havoc over Hungary and other Baltic states.Attila the Hun
12%
What did Shaolin Monks strive for?Inner Peace
11%
What was Pol Pot's personal group of guards called?Khmer Rouge
11%
Name a notorious weapon used by the Nazis to eradicate non-Germans.Flammenwerfer
1%
Which deceptive weapon, used by the Rajputs, is known to be the most diabolical historic dagger?Katar
1%
Which people were a part of the first American mafia ever founded?Italian immigrants
0%

Score Distribution

Percentile by Number Answered

Percent of People with Each Score

Your Score History

You have not taken this quiz